S.S.C. English: (Record no. 163489)

MARC details
000 -LEADER
fixed length control field 00809nam a22002177a 4500
005 - DATE AND TIME OF LATEST TRANSACTION
control field 20190418150714.0
010 ## - LCCN (DPL NO)
LC control number B-728111
020 ## - INTERNATIONAL STANDARD BOOK NUMBER
Terms of availability 600.00
International Standard Book Number 9788193704097
035 ## - SYSTEM CONTROL NUMBER
System control number B-728111
037 ## - SOURCE OF ACQUISITION
Source of stock number/acquisition Aksharesh Enterprises
082 ## - DEWEY DECIMAL CLASSIFICATION NUMBER
Classification number 480
100 ## - MAIN ENTRY--PERSONAL NAME
Personal name Ajay K. Singh
245 ## - TITLE STATEMENT
Title S.S.C. English:
Remainder of title Previous Papers (2013-2017) PT & Mains /
Statement of responsibility, etc by Ajay K. Singh
260 ## - PUBLICATION, DISTRIBUTION, ETC. (IMPRINT)
Place of publication, distribution, etc Patna
Name of publisher, distributor, etc M.B. Books
Date of publication, distribution, etc 2018
270 ## - ADDRESS
Address 3rd Floor, Ramdiri House, Dadiji Lane, Boring Road
City Patna
Postal code 800001
300 ## - PHYSICAL DESCRIPTION
Extent 732p.
Dimensions 28cm(pbk)
490 ## - SERIES STATEMENT
Series statement 155 SETS
500 ## - GENERAL NOTE
General note revised & updated
942 ## - ADDED ENTRY ELEMENTS (KOHA)
Source of classification or shelving scheme Dewey Decimal Classification
Item type English Books
Classification part 480
Call number suffix AJA
Holdings
Withdrawn status Lost status Not for loan Collection code Home library Current library Date acquired Source of acquisition Cost, normal purchase price Full call number Barcode Copy number Cost, replacement price Koha item type
      Non-fiction Central Library Central Library 18/04/2019 Aksharesh Enterprises/0015/15-04-19/01/11-04-19/16-04-19 600.00 480 AJA B-728111 1 480.00 English Books

© Delhi Public Library
Hit Counter
free hit counter